000 00865cam a22002533a 4500
001 28752
003 PGUSA
005 20140828083625.0
008 090510s2009||||xxu|||||s|||||000 | eng d
040 _aPGUSA
_beng
042 _adc
050 4 _aQB
100 1 _aServiss, Garrett Putman,
_d1851-1929
245 1 0 _aPleasures of the telescope :
_bAn Illustrated Guide for Amateur Astronomers and a Popular Description of the Chief Wonders of the Heavens for General Readers
_h[electronic resource] /
_cGarrett Putman Serviss
260 _bProject Gutenberg,
_c2009
506 _aPublic domain in the USA.
516 _aElectronic text
653 _aTelescopes
653 _aAstronomy -- Amateurs' manuals
653 _aAstronomy -- Observers' manuals
830 0 _aProject Gutenberg
_v28752
856 4 0 _uhttp://www.gutenberg.org/ebooks/28752
942 _cEB
999 _c258007
_d258007